| 000 | 00508nam a2200205Ia 4500 | ||
|---|---|---|---|
| 003 | OSt | ||
| 005 | 20140405093734.0 | ||
| 008 | 140130s9999 xx 000 0 und d | ||
| 020 | _a9780516264738 | ||
| 050 |
_aPZ 8.3 _b.H878Bu 1999 |
||
| 100 |
_aHulme, Joy N. _930868 |
||
| 245 |
_cJoy N. Hulme. _aBubble trouble / |
||
| 260 |
_bScholastic Inc, _cc1999. _aUSA : |
||
| 300 |
_a31 p. : _bill. col. ; _c15 cm. |
||
| 440 |
_v1 _930869 |
||
| 521 | _aBR | ||
| 526 | _cBR | ||
| 942 |
_cBK _2lcc |
||
| 999 |
_c41463 _d41463 |
||